Tilastot visalle Oseanian Valtiot - Aakkosjärjestyksessä

Klikkaa tästä pelataksesi tätä visaa!

Yleistilastot

  • Tätä visaa on pelattu 152 kertaa
  • Keskiarvotulos 11 / 14

Vastaukset kartalla

Vastauksille on annettu kartalla punavihreä väri sen mukaan, kuinka moni on saanut sen oikein.
Ladataan ...
 

Vastaustilastot

Country% Oikein
Australia
100%
Fidži
88%
Kiribati
79%
Mikronesia
78%
Nauru
77%
Marshallinsaaret
75%
Palau
75%
Uusi-Seelanti
74%
Papua-Uusi-Guinea
74%
Samoa
74%
Salomonsaaret
74%
Vanuatu
74%
Tonga
73%
Tuvalu
73%

Tulosjakauma

Persentiili vastausten määrän mukaan

Jokaisen tuloksen saaneiden osuus

Tuloshistoriasi

Et ole pelannut tätä visaa